000 00801nam a2200277Ia 4500
003 OSt
005 20221007110725.0
006 a|||||r|||| 00| 0
007 ta
008 221006b |||||||| |||| 00| 0 eng d
020 _a8171110746
024 _a21,702
037 _cTextual
040 _aLCO
_cLCO
_beng
041 _2eng
_aeng
082 _aZ(Q7), P9
100 _aVerma B.R.
_9410909
245 0 _aCommentaries on Mohammedan Law Revised by Justice Shri. A.B. Srivastava and Justice Shir S.I. Jafri
250 _a11th
260 _aAllahabad
_bLaw Publishers (India) Pvt.Ltd India
_c2009
300 _a1084
500 _aIn India, Pakistan & Bangladesh
650 _aMOHAMMEDAN LAW
_9682490
942 _hZ(Q7), P9
_cTEXL
999 _c1191265
_d1191265